Statistics for All High Income Countries

Click here to take the quiz!

General Stats

  • This quiz has been taken 74 times
  • The average score is 44 of 54

Answer Stats

GNI per capitaCountry% Correct
$56,320Germany
97%
$43,160Japan
97%
$52,240Australia
95%
$46,090Canada
95%
$48,760France
95%
$86,480Singapore
95%
$45,170United Kingdom
95%
$62,980Denmark
93%
$51,400Finland
93%
$52,030Iceland
93%
$70,910Ireland
93%
$43.030New Zealand
93%
$88,070Qatar
93%
$56,740Sweden
93%
$66,690United Arab Emirates
93%
$52,600Belgium
91%
$58.240Netherlands
91%
$65.500Norway
91%
$31,310Portugal
91%
$37,290Spain
91%
$69,180Switzerland
91%
$63,610United States
91%
$55,620Austria
90%
$27,390Greece
90%
$47,790Saudi Arabia
90%
$45,620South Korea
90%
$40,140Czech Republic
88%
$39,010Israel
88%
$82,980Luxembourg
88%
$40.660Bahrain
86%
$27,950Croatia
86%
$58.930Kuwait
86%
$33,000Poland
86%
$31,000Slovakia
86%
$41,320Italy
84%
$39,470Slovenia
84%
$37,820Estonia
83%
$32,190Hungary
81%
$30,460Latvia
81%
$26.990Oman
81%
$37,260Lithuania
78%
$27,170Chile
76%
$37,980Malta
74%
$37,110Cyprus
71%
$28,770Uruguay
67%
$30,990Bahamas
66%
$18,790Barbados
66%
$67,590Brunei
66%
$26,190Saint Kitts and Nevis
59%
$24,150Seychelles
50%
$24,790Trinidad and Tobago
47%
$17,910Antigua and Barbuda
41%
$20.460Nauru
17%
$16,620Palau
17%

Score Distribution

Percentile by Number Answered

Percent of People with Each Score

Your Score History

You have not taken this quiz